[Event "Madrid-ch Semifinal A"]
[Site "Madrid ESP"]
[Date "2014.03.19"]
[Round "6.5"]
[White "Fuentes Arjona, Antonio"]
[Black "Rodriguez De Castro, Ayar"]
[Result "0-1"]
[WhiteElo "2003"]
[BlackElo "2108"]
[PlyCount "90"]
[EventDate "2014.03.10"]
[EventType "swiss"]
[EventRounds "9"]
[EventCountry "ESP"]
[Source "lmi"]
[SourceDate "2014.03.10"]

1. c4 e6 2. d4 d5 3. Nc3 Nf6 4. Nf3 Be7 5. e3 O-O 6. Bd3 b6 7. cxd5 exd5 8. O-O
Bb7 9. Qc2 c5 10. b3 Nc6 11. a3 Rc8 12. Bf5 Rb8 13. Bd3 Re8 14. Bb2 Bf8 15. Ne2
Rc8 16. Bf5 Rc7 17. Rfc1 h6 18. Ng3 Bd6 19. dxc5 bxc5 20. Rd1 Ne5 21. Bxe5 Bxe5
22. Nxe5 Rxe5 23. Rac1 h5 24. Bd3 g6 25. b4 h4 26. Qc3 Rg5 27. f4 Rg4 28. Be2
hxg3 29. Bxg4 gxh2+ 30. Kxh2 Nxg4+ 31. Kg3 Nf6 32. Qc2 Nh5+ 33. Kh3 Re7 34.
Qxc5 Qe8 35. Rc3 Nf6 36. Qd4 Ne4 37. Rc2 f6 38. g3 Rh7+ 39. Kg2 Qd7 40. Kf3 Rh3
41. Rg1 Qf5 42. Kg2 Rxg3+ 43. Kf1 Ba6+ 44. Re2 Qh3+ 45. Rgg2 Qxg2+ 0-1

[Event "Madrid-ch Semifinal A"]
[Site "Madrid ESP"]
[Date "2014.03.19"]
[Round "6.6"]
[White "Tereso Martin, Antonio"]
[Black "Gonzalez Rivera, Eduardo"]
[Result "0-1"]
[WhiteElo "2029"]
[BlackElo "2101"]
[PlyCount "68"]
[EventDate "2014.03.10"]
[EventType "swiss"]
[EventRounds "9"]
[EventCountry "ESP"]
[Source "lmi"]
[SourceDate "2014.03.10"]

1. d4 d5 2. c4 e5 3. dxe5 d4 4. Nf3 Nc6 5. Nbd2 Bg4 6. h3 Bxf3 7. Nxf3 Qd7 8.
a3 O-O-O 9. b4 Qe6 10. Qd3 Nxe5 11. Nxe5 Qxe5 12. g3 g5 13. Bg2 Ne7 14. O-O Ng6
15. Bb2 Qe6 16. e3 dxe3 17. Bxb7+ Kxb7 18. Qxd8 Bg7 19. Qxg5 Bxb2 20. Qxe3 Qxe3
21. fxe3 Bxa1 22. Rxa1 Re8 23. Kf2 Rd8 24. Ke2 Ne5 25. Rf1 Rd7 26. Rf4 a5 27.
Re4 f6 28. g4 h6 29. c5 Kc6 30. bxa5 Kxc5 31. a6 Kb6 32. Ra4 c5 33. h4 c4 34.
Rb4+ Kxa6 0-1

[Event "Madrid-ch Semifinal A"]
[Site "Madrid ESP"]
[Date "2014.03.19"]
[Round "6.7"]
[White "Martin Rodriguez, Emilio"]
[Black "Spitzer Isbert, Ramon"]
[Result "1-0"]
[WhiteElo "2078"]
[BlackElo "2070"]
[PlyCount "99"]
[EventDate "2014.03.10"]
[EventType "swiss"]
[EventRounds "9"]
[EventCountry "ESP"]
[Source "lmi"]
[SourceDate "2014.03.10"]

1. d4 Nf6 2. c4 d6 3. Nc3 g6 4. e4 Bg7 5. f4 O-O 6. Nf3 c5 7. d5 e6 8. Be2 exd5
9. cxd5 Re8 10. e5 dxe5 11. fxe5 Ng4 12. O-O Nxe5 13. Bf4 Na6 14. Nxe5 Bxe5 15.
Bxe5 Rxe5 16. Bxa6 bxa6 17. Qf3 Bf5 18. Rad1 Rb8 19. Qg3 f6 20. Rd2 c4 21. Qh4
Rb6 22. Qxc4 Rd6 23. h3 h5 24. Re2 Rxe2 25. Qxe2 h4 26. Kh1 Qd7 27. Qf2 Qb7 28.
Re1 Kg7 29. Qxh4 Rd8 30. Qd4 Rh8 31. Qe3 Kf7 32. Re2 Qd7 33. Kh2 g5 34. Rf2 Kg6
35. Kg1 Re8 36. Qf3 g4 37. hxg4 Re1+ 38. Rf1 Rxf1+ 39. Qxf1 Bxg4 40. Qd3+ Bf5
41. Qxa6 Qe7 42. Qe2 Qc5+ 43. Qf2 Qc7 44. g3 Bh3 45. Qf3 f5 46. Qe3 Qc4 47.
Qe6+ Kg5 48. Qg8+ Kh5 49. Qh7+ Kg4 50. Qh4+ 1-0

[Event "Madrid-ch Semifinal A"]
[Site "Madrid ESP"]
[Date "2014.03.19"]
[Round "6.8"]
[White "Mansilla Tolosa, Luis"]
[Black "Jimenez Gonzalez, Marcos"]
[Result "1/2-1/2"]
[WhiteElo "2035"]
[BlackElo "1851"]
[PlyCount "50"]
[EventDate "2014.03.10"]
[EventType "swiss"]
[EventRounds "9"]
[EventCountry "ESP"]
[Source "lmi"]
[SourceDate "2014.03.10"]

1. b3 e6 2. Bb2 d5 3. Nf3 c5 4. e3 Nc6 5. Bb5 Bd7 6. O-O Nf6 7. d3 Be7 8. Nbd2
O-O 9. a3 Rc8 10. Qe2 a6 11. Bxc6 Bxc6 12. Rfd1 Nd7 13. c4 f6 14. d4 Re8 15. e4
dxe4 16. Nxe4 Bxe4 17. Qxe4 Qb6 18. d5 Nf8 19. Rd3 Red8 20. Rad1 Kh8 21. Nd2
exd5 22. cxd5 Qd6 23. Qg4 Qc7 24. g3 Qd7 25. Qf3 Ng6 1/2-1/2

[Event "Madrid-ch Semifinal A"]
[Site "Madrid ESP"]
[Date "2014.03.19"]
[Round "6.9"]
[White "Cervino Rossel, Cristobal"]
[Black "Pinel Mirasierra, Jose Pablo"]
[Result "1-0"]
[WhiteElo "2018"]
[BlackElo "1951"]
[PlyCount "78"]
[EventDate "2014.03.10"]
[EventType "swiss"]
[EventRounds "9"]
[EventCountry "ESP"]
[Source "lmi"]
[SourceDate "2014.03.10"]

1. d4 d5 2. c4 e6 3. Nc3 Be7 4. Nf3 Nf6 5. Bg5 O-O 6. cxd5 exd5 7. Qc2 Nbd7 8.
e3 c6 9. Bd3 Re8 10. O-O Nf8 11. Rab1 Ne4 12. Bf4 Nxc3 13. bxc3 Ng6 14. Bg3 Bd6
15. e4 Bxg3 16. hxg3 dxe4 17. Bxe4 Qc7 18. Rfe1 Be6 19. c4 Rac8 20. Ng5 Qa5 21.
Bxg6 Qxg5 22. Bxh7+ Kh8 23. Be4 Re7 24. Rbd1 Rce8 25. Bf3 Bf5 26. Qc3 Qf6 27.
Rxe7 Rxe7 28. Qd2 Be4 29. Bxe4 Rxe4 30. d5 Qd6 31. Qc2 Re5 32. c5 Qd7 33. d6 b6
34. Rd4 Re6 35. Rh4+ Rh6 36. Rxh6+ gxh6 37. Qc3+ Kg8 38. Qf6 bxc5 39. Qe7 Qg4
1-0

[Event "Madrid-ch Semifinal A"]
[Site "Madrid ESP"]
[Date "2014.03.19"]
[Round "6.10"]
[White "Lorenzo Bailador, Alfredo"]
[Black "Vazquez Gonzalez, Jesus"]
[Result "1/2-1/2"]
[WhiteElo "1996"]
[BlackElo "2054"]
[PlyCount "47"]
[EventDate "2014.03.10"]
[EventType "swiss"]
[EventRounds "9"]
[EventCountry "ESP"]
[Source "lmi"]
[SourceDate "2014.03.10"]

1. e4 Nc6 2. Nc3 d6 3. d4 e5 4. dxe5 Nxe5 5. Nf3 Bg4 6. Be2 Bxf3 7. Bxf3 Nxf3+
8. Qxf3 Qf6 9. Qh5 Qe5 10. Qxe5+ dxe5 11. Nb5 Bb4+ 12. c3 Ba5 13. Be3 a6 14.
Na3 b5 15. Bc5 Nf6 16. f3 Nd7 17. Be3 Bb6 18. Nc2 O-O 19. Rd1 Rfd8 20. Ke2 Bxe3
21. Nxe3 Nb6 22. b3 Kf8 23. Rxd8+ Rxd8 24. Rd1 1/2-1/2

[Event "Madrid-ch Semifinal A"]
[Site "Madrid ESP"]
[Date "2014.03.19"]
[Round "6.11"]
[White "Garcia Gutierrez, Jose"]
[Black "Lozano Sanchez, Jose Antonio"]
[Result "1-0"]
[WhiteElo "2009"]
[BlackElo "1874"]
[PlyCount "85"]
[EventDate "2014.03.10"]
[EventType "swiss"]
[EventRounds "9"]
[EventCountry "ESP"]
[Source "lmi"]
[SourceDate "2014.03.10"]

1. e4 e5 2. d4 exd4 3. f4 Nc6 4. Nf3 d6 5. a3 f5 6. e5 dxe5 7. fxe5 Be6 8. Bd3
Nge7 9. O-O g6 10. Bg5 Qd7 11. Bf6 Rg8 12. Ng5 h6 13. Nxe6 Qxe6 14. Qe2 Bg7 15.
Bc4 Nd5 16. Qf3 Bxf6 17. Qxd5 Qxd5 18. Bxd5 Rf8 19. Bxc6+ bxc6 20. exf6 Rxf6
21. Nd2 Rd6 22. Rae1+ Kd7 23. Re5 Re8 24. Rfe1 Rde6 25. Nf3 c5 26. Kf2 Kd6 27.
Rxe6+ Rxe6 28. Rxe6+ Kxe6 29. Ke2 g5 30. Kd3 Kd5 31. Nd2 h5 32. b4 cxb4 33.
axb4 a6 34. Nf3 g4 35. Nxd4 f4 36. c4+ Ke5 37. Nc6+ Kf5 38. Ne7+ Kg5 39. Ke4 h4
40. Nd5 f3 41. gxf3 g3 42. f4+ Kg4 43. Ne3+ 1-0

[Event "Madrid-ch Semifinal A"]
[Site "Madrid ESP"]
[Date "2014.03.19"]
[Round "6.12"]
[White "Saber, Salah"]
[Black "Lobato Rivero, Carlos"]
[Result "0-1"]
[WhiteElo "1847"]
[BlackElo "1999"]
[PlyCount "116"]
[EventDate "2014.03.10"]
[EventType "swiss"]
[EventRounds "9"]
[EventCountry "ESP"]
[Source "lmi"]
[SourceDate "2014.03.10"]

1. e4 g6 2. f4 Bg7 3. d4 d6 4. Nf3 Nf6 5. Bd3 c5 6. c3 O-O 7. O-O cxd4 8. cxd4
Qb6 9. Kh1 Bg4 10. d5 Nbd7 11. Nc3 Nc5 12. Na4 Nxa4 13. Qxa4 Rac8 14. h3 Bd7
15. Qa3 Nh5 16. Kh2 Rxc1 17. Raxc1 Bxb2 18. Qb3 Bxc1 19. Rxc1 Qxb3 20. axb3 Rc8
21. Rxc8+ Bxc8 22. g3 Nf6 23. Nd4 a5 24. Kg2 Nd7 25. Bb5 Nc5 26. e5 Kf8 27. g4
Bd7 28. Bc4 b5 29. Bxb5 Bxb5 30. Nxb5 dxe5 31. fxe5 Nxb3 32. Kf3 Ke8 33. Ke4
Kd7 34. Kd3 Nc5+ 35. Kd4 Nb3+ 36. Kc3 Nc5 37. Kd4 Na6 38. Kc4 Nb4 39. Nd4 g5
40. Nf3 f6 41. h4 gxh4 42. exf6 exf6 43. Nxh4 Kd6 44. Nf5+ Ke5 45. d6 Nc6 46.
Kb5 Nd8 47. Kxa5 Nb7+ 48. Kb6 Nxd6 49. Nh6 Nc4+ 50. Kc5 Ne3 51. Kb4 Kf4 52. Kc3
Nxg4 53. Ng8 h5 54. Kd2 h4 55. Ke2 h3 56. Kf1 Kf3 57. Kg1 h2+ 58. Kh1 Kg3 0-1

[Event "Madrid-ch Semifinal A"]
[Site "Madrid ESP"]
[Date "2014.03.19"]
[Round "6.14"]
[White "Martin Martin, Luis Vicente"]
[Black "Martos De La Vega, Alvar"]
[Result "1-0"]
[WhiteElo "2065"]
[BlackElo "1958"]
[PlyCount "111"]
[EventDate "2014.03.10"]
[EventType "swiss"]
[EventRounds "9"]
[EventCountry "ESP"]
[Source "lmi"]
[SourceDate "2014.03.10"]

1. e4 c5 2. Nf3 d6 3. d4 cxd4 4. Qxd4 Nc6 5. Bb5 Bd7 6. Bxc6 Bxc6 7. Nc3 e5 8.
Qd3 Be7 9. O-O Qc7 10. Rd1 Nf6 11. Bg5 Rd8 12. Rac1 O-O 13. Bxf6 Bxf6 14. Nd5
Bxd5 15. Qxd5 a5 16. c4 Rfe8 17. b3 Re7 18. g3 Red7 19. Qb5 b6 20. Rd5 g6 21.
Rcd1 Bg7 22. g4 h6 23. h3 f6 24. R5d3 Kh7 25. Qd5 Rf7 26. Nh4 Qe7 27. Rf3 Bf8
28. Ng2 Qd7 29. Ne3 Rc8 30. a4 Rc5 31. Qd3 Be7 32. Nd5 Bd8 33. Rg3 Qe6 34. f4
exf4 35. Nxf4 Qe5 36. Nd5 Kh8 37. Rf3 Kg7 38. Kg2 Rc8 39. Qe3 Rc5 40. Rdf1 Rf8
41. h4 Rf7 42. h5 g5 43. Rf5 Qe6 44. Qd4 Rf8 45. Rd1 Rf7 46. Kf3 Rf8 47. Ke3
Rf7 48. Kd3 Rf8 49. Kc3 Re8 50. e5 dxe5 51. Qe4 Qf7 52. Rf3 Re6 53. Ne3 Be7 54.
Nf5+ Kf8 55. Nxh6 Qg7 56. Qa8+ 1-0

[Event "Madrid-ch Semifinal A"]
[Site "Madrid ESP"]
[Date "2014.03.19"]
[Round "6.16"]
[White "Rueda Maria, Ramiro"]
[Black "Montes De Santiago, Fernando"]
[Result "1/2-1/2"]
[WhiteElo "1967"]
[BlackElo "1831"]
[PlyCount "64"]
[EventDate "2014.03.10"]
[EventType "swiss"]
[EventRounds "9"]
[EventCountry "ESP"]
[Source "lmi"]
[SourceDate "2014.03.10"]

1. Nf3 c5 2. c4 Nf6 3. Nc3 e6 4. g3 d5 5. cxd5 exd5 6. d4 b6 7. Bg2 Bb7 8. O-O
Be7 9. Ne5 O-O 10. dxc5 Bxc5 11. Bg5 h6 12. Nxd5 hxg5 13. Nxf6+ Qxf6 14. Bxb7
Qxe5 15. Bxa8 Qxb2 16. Bb7 Qf6 17. Qa4 a5 18. Rad1 g6 19. Rd3 Kg7 20. Rf3 Qe6
21. Qe4 Qxa2 22. Qe5+ f6 23. Qe4 Qf7 24. Rd1 Re8 25. Qd5 Re7 26. Qxf7+ Rxf7 27.
Bd5 Re7 28. Bc4 Nc6 29. Rc3 Ne5 30. Bb5 Ra7 31. Ba4 Rb7 32. Rb1 Rc7 1/2-1/2

[Event "Madrid-ch Semifinal A"]
[Site "Madrid ESP"]
[Date "2014.03.19"]
[Round "6.17"]
[White "Fernandez Aransay, Fernando"]
[Black "Hernandez Garcia, Carlos"]
[Result "1-0"]
[WhiteElo "1888"]
[BlackElo "1814"]
[PlyCount "57"]
[EventDate "2014.03.10"]
[EventType "swiss"]
[EventRounds "9"]
[EventCountry "ESP"]
[Source "lmi"]
[SourceDate "2014.03.10"]

1. e4 c5 2. Nf3 d6 3. d4 cxd4 4. Nxd4 Nf6 5. Nc3 a6 6. Bc4 e6 7. Bb3 Be7 8. f4
Qc7 9. f5 e5 10. Nf3 h6 11. Be3 Nbd7 12. Nd5 Nxd5 13. Qxd5 O-O 14. O-O-O Nf6
15. Qd3 b5 16. Rhg1 Bb7 17. Nd2 Ng4 18. Kb1 d5 19. exd5 a5 20. a3 Nxe3 21. Qxe3
Bc5 22. Qg3 a4 23. f6 g6 24. d6 axb3 25. dxc7 bxc2+ 26. Kxc2 Bd6 27. Qe3 Kh7
28. Qb6 Bxc7 29. Qxb7 1-0

[Event "Madrid-ch Semifinal A"]
[Site "Madrid ESP"]
[Date "2014.03.19"]
[Round "6.18"]
[White "Ore Leon, Gustavo"]
[Black "Luna Hermoso, Angel"]
[Result "0-1"]
[WhiteElo "1840"]
[BlackElo "1973"]
[PlyCount "66"]
[EventDate "2014.03.10"]
[EventType "swiss"]
[EventRounds "9"]
[EventCountry "ESP"]
[Source "lmi"]
[SourceDate "2014.03.10"]

1. e4 e5 2. Nf3 Nc6 3. Bb5 a6 4. Ba4 Nf6 5. O-O Be7 6. Re1 b5 7. Bb3 O-O 8. h3
Bb7 9. c3 Na5 10. Bc2 d5 11. exd5 e4 12. Ng5 Qxd5 13. Nxe4 Rfe8 14. f3 Rad8 15.
Qe2 Nh5 16. Qf2 Nc4 17. d3 Ne5 18. d4 Ng6 19. Nbd2 Bh4 20. g3 Ngf4 21. Kh2 Qd7
22. Nf1 Qxh3+ 23. Kg1 Bxg3 24. Nfxg3 Nxg3 25. Qxg3 Qxg3+ 26. Nxg3 Rxe1+ 27. Kf2
Rde8 28. Be4 R1xe4 29. fxe4 Nd3+ 30. Kf3 f5 31. d5 fxe4+ 32. Kg4 Nxc1 33. Kf5
Bc8+ 0-1

[Event "Madrid-ch Semifinal A"]
[Site "Madrid ESP"]
[Date "2014.03.19"]
[Round "6.19"]
[White "Martin-Consuegra Barrilero, Ja"]
[Black "Camarero Izquierdo, Juan Carlo"]
[Result "1/2-1/2"]
[WhiteElo "1853"]
[BlackElo "1864"]
[PlyCount "72"]
[EventDate "2014.03.10"]
[EventType "swiss"]
[EventRounds "9"]
[EventCountry "ESP"]
[Source "lmi"]
[SourceDate "2014.03.10"]

1. d4 c5 2. c3 e6 3. Nf3 Nf6 4. Bf4 d5 5. e3 Nc6 6. Nbd2 Bd6 7. Bg3 Ne4 8. Nxe4
dxe4 9. Ne5 Bxe5 10. Bxe5 O-O 11. Bf4 cxd4 12. exd4 b6 13. Be2 Bb7 14. O-O Ne7
15. f3 f5 16. Bg5 h6 17. Bxe7 Qxe7 18. fxe4 Bxe4 19. Bf3 Bxf3 20. Rxf3 e5 21.
Qb3+ Kh8 22. dxe5 Qxe5 23. Raf1 Rad8 24. Qc2 Rd5 25. Qf2 g6 26. Re1 Qd6 27.
Rfe3 Rd2 28. R3e2 Rd8 29. Qe3 f4 30. Rxd2 Qxd2 31. Qe5+ Kh7 32. Qe7+ Kg8 33.
Qe6+ Kg7 34. Qe5+ Kg8 35. Qe6+ Kg7 36. Qe7+ Kg8 1/2-1/2

[Event "Madrid-ch Semifinal A"]
[Site "Madrid ESP"]
[Date "2014.03.19"]
[Round "6.20"]
[White "Fernandez Garcia, Ignacio"]
[Black "Lopez Orellana, Federico"]
[Result "0-1"]
[WhiteElo "1907"]
[BlackElo "1808"]
[PlyCount "74"]
[EventDate "2014.03.10"]
[EventType "swiss"]
[EventRounds "9"]
[EventCountry "ESP"]
[Source "lmi"]
[SourceDate "2014.03.10"]

1. e4 e5 2. Nf3 Nf6 3. Nc3 d6 4. Bc4 Be7 5. d3 Nc6 6. h3 Na5 7. Bg5 Nxc4 8.
dxc4 h6 9. Be3 Be6 10. Qe2 a6 11. O-O-O Qd7 12. Nxe5 Qc8 13. Nf3 Nd7 14. Nd5
Bf6 15. Nxf6+ Nxf6 16. e5 dxe5 17. Nxe5 O-O 18. g4 Nd7 19. Nxd7 Bxd7 20. g5
hxg5 21. Bxg5 Re8 22. Be3 b5 23. c5 Bf5 24. Rhg1 Qe6 25. Kb1 Rad8 26. Rxd8 Rxd8
27. h4 Qe4 28. h5 Rd5 29. h6 g6 30. f3 Qe6 31. Qf2 Qd7 32. Kc1 Kh7 33. Qh4 Qd8
34. Bg5 Qd7 35. b4 Rd4 36. Bf4 Rc4 37. Rg2 Qd4 0-1

[Event "Madrid-ch Semifinal A"]
[Site "Madrid ESP"]
[Date "2014.03.24"]
[Round "7.1"]
[White "Lopez De Turiso, Jose Angel"]
[Black "Madina Yadarola, Martin"]
[Result "0-1"]
[WhiteElo "2127"]
[BlackElo "2254"]
[PlyCount "116"]
[EventDate "2014.03.10"]
[EventType "swiss"]
[EventRounds "9"]
[EventCountry "ESP"]
[Source "lmi"]
[SourceDate "2014.03.10"]

1. e4 d6 2. d4 Nf6 3. Nc3 c6 4. Be2 e5 5. dxe5 dxe5 6. Qxd8+ Kxd8 7. Nf3 Bd6 8.
h3 Ke7 9. a3 Nfd7 10. Be3 f6 11. O-O-O Bc5 12. Nh4 g6 13. Bg4 Na6 14. Rd2 Bxe3
15. fxe3 Nb6 16. Bxc8 Raxc8 17. Rhd1 Rhd8 18. Rxd8 Rxd8 19. Rxd8 Kxd8 20. b3
Ke7 21. Kd2 Nc5 22. Ke2 a5 23. a4 Nc8 24. Nf3 Nd6 25. Nd2 h5 26. Kf3 Na6 27.
Na2 b5 28. g3 Kd7 29. Ke2 Nc5 30. axb5 cxb5 31. Kf3 a4 32. b4 Na6 33. Ke2 Nc7
34. Kd3 Kc6 35. c4 bxc4+ 36. Nxc4 Nxc4 37. Kxc4 Nb5 38. Kd3 f5 39. exf5 gxf5
40. e4 f4 41. gxf4 exf4 42. Ke2 Kd6 43. Kd3 Ke5 44. h4 f3 45. Ke3 f2 46. Kxf2
Kxe4 47. Ke2 Kd4 48. Kd2 Kc4 49. Kc2 a3 50. Nc1 Nc3 51. Kd2 Kxb4 52. Kd3 Nd5
53. Na2+ Kb3 54. Nc1+ Kb2 55. Kd2 Nf4 56. Kd1 Ng6 57. Nd3+ Kc3 58. Nc1 Nxh4 0-1

[Event "Madrid-ch Semifinal A"]
[Site "Madrid ESP"]
[Date "2014.03.24"]
[Round "7.2"]
[White "Suarez Uriel, Adrian"]
[Black "Barraza Caracuel, Ignacio"]
[Result "0-1"]
[WhiteElo "2279"]
[BlackElo "2207"]
[PlyCount "78"]
[EventDate "2014.03.10"]
[EventType "swiss"]
[EventRounds "9"]
[EventCountry "ESP"]
[Source "lmi"]
[SourceDate "2014.03.10"]

1. e4 e5 2. Nf3 Nc6 3. Bb5 a6 4. Ba4 Nf6 5. O-O Be7 6. d3 d6 7. c3 O-O 8. Nbd2
Bg4 9. h3 Bh5 10. Re1 b5 11. Bc2 d5 12. Qe2 d4 13. Nf1 Qd7 14. Ng3 Bg6 15. Qf1
Nh5 16. Ne2 f5 17. Bb3+ Kh8 18. Bd5 fxe4 19. Bxc6 Qxc6 20. Nxe5 Qe6 21. Nxg6+
Qxg6 22. Nxd4 Ng3 23. fxg3 Rxf1+ 24. Rxf1 exd3 25. Bf4 c5 26. Rae1 Bf6 27. Ne6
c4 28. g4 h6 29. Be3 Re8 30. Nf4 Qe4 31. Bd2 Qc6 32. Rxe8+ Qxe8 33. Re1 Qd7 34.
Kf2 Kg8 35. Ne6 b4 36. Re4 bxc3 37. bxc3 Qa4 38. Ke3 Qd1 39. Nf4 Bg5 0-1

[Event "Madrid-ch Semifinal A"]
[Site "Madrid ESP"]
[Date "2014.03.24"]
[Round "7.3"]
[White "Alvarez Abejon, Amilcar"]
[Black "Elissalt Cardenas, Hector"]
[Result "1/2-1/2"]
[WhiteElo "2054"]
[BlackElo "2369"]
[PlyCount "82"]
[EventDate "2014.03.10"]
[EventType "swiss"]
[EventRounds "9"]
[EventCountry "ESP"]
[Source "lmi"]
[SourceDate "2014.03.10"]

1. e4 d6 2. d4 Nf6 3. Nc3 e5 4. dxe5 dxe5 5. Qxd8+ Kxd8 6. Bg5 Bd6 7. O-O-O h6
8. Bxf6+ gxf6 9. Nb5 Ke7 10. Nxd6 cxd6 11. f4 exf4 12. Ne2 Bg4 13. Rd2 Bxe2 14.
Bxe2 Nc6 15. Rf1 Rag8 16. Bb5 Rg4 17. h3 Rh4 18. Bxc6 bxc6 19. Rf3 a5 20. Rdf2
Rg8 21. Ra3 Rg5 22. Rd3 Re5 23. Rfd2 Rxe4 24. Rxd6 Re1+ 25. Rd1 Rxd1+ 26. Rxd1
f3 27. Re1+ Kd6 28. gxf3 Rxh3 29. Re3 Rh5 30. Re4 Rf5 31. Rh4 h5 32. Kd2 Rb5
33. b3 Rd5+ 34. Ke3 Re5+ 35. Kd3 Rd5+ 36. Ke3 Re5+ 37. Kd3 Ke6 38. a4 Rd5+ 39.
Ke3 Re5+ 40. Kd3 Rd5+ 41. Ke3 Re5+ 1/2-1/2

[Event "Madrid-ch Semifinal A"]
[Site "Madrid ESP"]
[Date "2014.03.24"]
[Round "7.4"]
[White "Gonzalez Rivera, Eduardo"]
[Black "Perez De Aranda A., Leonardo I"]
[Result "1-0"]
[WhiteElo "2101"]
[BlackElo "2117"]
[PlyCount "67"]
[EventDate "2014.03.10"]
[EventType "swiss"]
[EventRounds "9"]
[EventCountry "ESP"]
[Source "lmi"]
[SourceDate "2014.03.10"]

1. e4 c5 2. Nf3 d6 3. d4 cxd4 4. Nxd4 Nf6 5. Nc3 a6 6. Bc4 e6 7. O-O Be7 8. Bb3
O-O 9. f4 Nbd7 10. f5 e5 11. Nde2 b5 12. Ng3 Bb7 13. Bg5 Rc8 14. Bxf6 Nxf6 15.
Nh5 b4 16. Nxf6+ Bxf6 17. Nd5 Bxd5 18. Qxd5 Qb6+ 19. Kh1 Rc5 20. Qd3 Rd8 21. a3
a5 22. axb4 Qxb4 23. Rfd1 Rd7 24. Qa6 Qxe4 25. Rxd6 Rdc7 26. Rad1 Qh4 27. Rb6
h5 28. Rb8+ Kh7 29. Qa8 g6 30. fxg6+ fxg6 31. Rh8+ Bxh8 32. Qg8+ Kh6 33. Qxh8+
Kg5 34. Qd8+ 1-0

[Event "Madrid-ch Semifinal A"]
[Site "Madrid ESP"]
[Date "2014.03.24"]
[Round "7.5"]
[White "Rodriguez De Castro, Ayar"]
[Black "Martin Rodriguez, Emilio"]
[Result "1-0"]
[WhiteElo "2108"]
[BlackElo "2078"]
[PlyCount "91"]
[EventDate "2014.03.10"]
[EventType "swiss"]
[EventRounds "9"]
[EventCountry "ESP"]
[Source "lmi"]
[SourceDate "2014.03.10"]

1. d4 d5 2. c4 c6 3. e3 Nf6 4. Nf3 g6 5. Bd3 Bg7 6. O-O O-O 7. Qc2 a5 8. b3 Na6
9. a3 a4 10. bxa4 dxc4 11. Bxc4 Bf5 12. Qb3 Qc7 13. Bb2 Be4 14. Nbd2 Bd5 15.
Rfc1 Qd6 16. Rab1 Rab8 17. Qd3 Bxc4 18. Nxc4 Qd8 19. Bc3 Nc5 20. Qc2 Nce4 21.
Bb4 Re8 22. Nfe5 Nd6 23. Nb6 Nc8 24. Nbc4 Qd5 25. a5 Nd6 26. Nb6 Qe6 27. h3 Nc8
28. Na4 Nd7 29. Nd3 Qd5 30. Nc3 Qc4 31. Qd2 Qa6 32. Ne4 Bf8 33. Ng5 Nd6 34. Qa2
e6 35. Nf4 h6 36. Ngxe6 fxe6 37. Nxe6 Nf7 38. Nc7 Qd3 39. Nxe8 Rxe8 40. Bxf8
Kxf8 41. Rxb7 Re7 42. Qc2 Qxa3 43. Qxc6 Kg7 44. Qc3 Qa4 45. Ra1 Nc5 46. dxc5+
1-0

[Event "Madrid-ch Semifinal A"]
[Site "Madrid ESP"]
[Date "2014.03.24"]
[Round "7.6"]
[White "Gonzalez Mateos, Rafael"]
[Black "Mansilla Tolosa, Luis"]
[Result "0-1"]
[WhiteElo "2005"]
[BlackElo "2035"]
[PlyCount "88"]
[EventDate "2014.03.10"]
[EventType "swiss"]
[EventRounds "9"]
[EventCountry "ESP"]
[Source "lmi"]
[SourceDate "2014.03.10"]

1. d4 Nf6 2. c3 b6 3. Bg5 Bb7 4. Nd2 d5 5. Ngf3 e6 6. e3 Nbd7 7. Ne5 Bd6 8. f4
c5 9. Bb5 Bc8 10. Qa4 Qc7 11. Bxf6 gxf6 12. Nxd7 Bxd7 13. Bxd7+ Qxd7 14. Qxd7+
Kxd7 15. O-O f5 16. Nf3 cxd4 17. cxd4 f6 18. Rfc1 Rac8 19. g3 b5 20. Kf1 Bb4
21. Ke2 Rc4 22. Kd1 Rhc8 23. a3 Bd6 24. Nd2 Rxc1+ 25. Rxc1 Rxc1+ 26. Kxc1 a5
27. Kc2 a4 28. Nb1 Kc6 29. Nc3 Kb6 30. Kd3 Ka5 31. g4 fxg4 32. f5 exf5 33. Nxd5
Bxh2 34. Ke2 Bd6 35. Nxf6 b4 36. e4 fxe4 37. axb4+ Kxb4 38. Nxe4 Be7 39. Kd3 h5
40. d5 h4 41. d6 Bxd6 42. Nxd6 h3 43. Nf5 h2 44. Ng3 Kb3 0-1

[Event "Madrid-ch Semifinal A"]
[Site "Madrid ESP"]
[Date "2014.03.24"]
[Round "7.7"]
[White "Lobato Rivero, Carlos"]
[Black "Cervino Rossel, Cristobal"]
[Result "1/2-1/2"]
[WhiteElo "1999"]
[BlackElo "2018"]
[PlyCount "33"]
[EventDate "2014.03.10"]
[EventType "swiss"]
[EventRounds "9"]
[EventCountry "ESP"]
[Source "lmi"]
[SourceDate "2014.03.10"]

1. e4 e5 2. Nf3 Nc6 3. Bc4 Nf6 4. d4 exd4 5. O-O d6 6. Nxd4 Be7 7. Nc3 O-O 8.
h3 Nxe4 9. Nxc6 bxc6 10. Nxe4 d5 11. Bd3 dxe4 12. Bxe4 Bd6 13. Qh5 g6 14. Qf3
Qh4 15. Qe3 a6 16. Bxc6 Rb8 17. b3 1/2-1/2

[Event "Madrid-ch Semifinal A"]
[Site "Madrid ESP"]
[Date "2014.03.24"]
[Round "7.9"]
[White "Spitzer Isbert, Ramon"]
[Black "Fuentes Arjona, Antonio"]
[Result "0-1"]
[WhiteElo "2070"]
[BlackElo "2003"]
[PlyCount "78"]
[EventDate "2014.03.10"]
[EventType "swiss"]
[EventRounds "9"]
[EventCountry "ESP"]
[Source "lmi"]
[SourceDate "2014.03.10"]

1. Nf3 c5 2. g3 Nc6 3. Bg2 g6 4. d4 cxd4 5. Nxd4 Bg7 6. c3 Qb6 7. Nb3 Nf6 8.
O-O d6 9. Na3 O-O 10. Bg5 Be6 11. Nc2 Bxb3 12. axb3 Qxb3 13. Qc1 Rfc8 14. Rd1
Qe6 15. Ra4 Rc7 16. Ne3 b5 17. Rh4 Rb8 18. Bh6 Bxh6 19. Rxh6 Ne5 20. Rd4 Ned7
21. Rdh4 Nf8 22. Qd2 Rc5 23. g4 Re5 24. Qd4 Qd7 25. Nd5 Nxd5 26. Bxd5 e6 27.
Be4 Rc8 28. Bd3 Qe7 29. f4 Rd5 30. Qe3 Qf6 31. g5 Qg7 32. Qxa7 Rdc5 33. Qa6 b4
34. Qxd6 bxc3 35. bxc3 Qxc3 36. Kf2 Rd5 37. Qa6 Qd4+ 38. Kf3 Rc1 39. Rh3 Rf1+
0-1

[Event "Madrid-ch Semifinal A"]
[Site "Madrid ESP"]
[Date "2014.03.24"]
[Round "7.10"]
[White "Rosa Ramirez, Victor D"]
[Black "Martin Martin, Luis Vicente"]
[Result "0-1"]
[WhiteElo "1989"]
[BlackElo "2065"]
[PlyCount "44"]
[EventDate "2014.03.10"]
[EventType "swiss"]
[EventRounds "9"]
[EventCountry "ESP"]
[Source "lmi"]
[SourceDate "2014.03.10"]

1. e4 e6 2. d4 d5 3. Nd2 Nf6 4. e5 Nfd7 5. Bd3 c5 6. c3 Nc6 7. Ne2 cxd4 8. cxd4
f6 9. Nf4 Nxd4 10. Qh5+ Ke7 11. exf6+ Nxf6 12. Ng6+ hxg6 13. Qxh8 Kf7 14. Qh4
e5 15. O-O Bf5 16. Bxf5 gxf5 17. Nb3 Nxb3 18. axb3 Bc5 19. Bd2 Ne4 20. Qh5+ Ke6
21. Qd1 Qh4 22. Be1 Qxh2+ 0-1

[Event "Madrid-ch Semifinal A"]
[Site "Madrid ESP"]
[Date "2014.03.24"]
[Round "7.11"]
[White "Vallejo Nuno, Jorge"]
[Black "Lorenzo Bailador, Alfredo"]
[Result "0-1"]
[WhiteElo "2061"]
[BlackElo "1996"]
[PlyCount "82"]
[EventDate "2014.03.10"]
[EventType "swiss"]
[EventRounds "9"]
[EventCountry "ESP"]
[Source "lmi"]
[SourceDate "2014.03.10"]

1. e4 e5 2. f4 exf4 3. Bc4 Qh4+ 4. Kf1 Nf6 5. Nf3 Qh5 6. e5 d5 7. Bb5+ Bd7 8.
Bxd7+ Nfxd7 9. d4 g5 10. Qe2 Nc6 11. e6 fxe6 12. Qxe6+ Be7 13. Qxd5 Nb6 14. Qe4
O-O-O 15. c3 g4 16. Ne1 Bd6 17. Nd2 Rde8 18. Qd3 Re3 19. Qc2 Rhe8 20. Ndf3 Re2
21. Qxe2 Rxe2 22. Kxe2 gxf3+ 23. Nxf3 Ne7 24. b3 c5 25. Ba3 Qf5 26. Rhd1 Nd7
27. Rac1 b6 28. c4 Qg4 29. Kf2 Nf5 30. Rd2 Nh4 31. Nxh4 Qxh4+ 32. Kg1 Nf6 33.
dxc5 Bxc5+ 34. Bxc5 bxc5 35. Re2 Ng4 36. h3 Ne3 37. Rf2 Qg3 38. Re1 Kc7 39.
Ree2 Kd6 40. Rf3 Qg5 41. Kf2 Qxg2+ 0-1